MARC

LEADER 00000nam0a2200000 4500
001 2868
005 20231101204258.0
010 |a 5761100339 
035 |a (RuTPU)RU\TPU\book\2881 
035 |a BOOK00002888 
090 |a 2868 
100 |a 20011209d1996 m y0rusy50 ca 
101 0 |a rus  |a eng 
102 |a RU 
105 |a y j 000zy 
200 1 |a Topics  |e Сборник разговорных тем по английскому языку  |f А. П. Миньяр-Белоручева 
205 |a 3-е изд., испр. 
210 |a Москва  |c Московский лицей  |d 1996 
215 |a 68 с. 
606 |a Английский язык  |x Учебные руководства и пособия  |x Пособия по развитию речи, разговорники  |2 stltpush  |3 (RuTPU)RU\TPU\subj\29074  |9 52486 
610 1 |a разговорные темы 
610 1 |a учебные пособия 
610 1 |a топики 
686 |a Ш143.21-923.4  |v LBC/SL-A  |2 rubbk 
700 1 |a Миньяр-Белоручева  |b А. П.  |g Алла Петровна 
801 0 |a RU  |b 63413507  |c 20011209  |g PSBO 
801 2 |a RU  |b 63413507  |c 20200119  |g PSBO 
942 |c BK